00872cam a2200277Ii 45000010006000000050017000060080041000230350023000640400042000870200015001290200018001440350019001620410013001810820011001941000031002052450065002362500011003012600047003123000029003594900039003885000059004276500013004866500018004996500036005178300041005534259120230411085956.0791019s1973 sp a 000 0 spa d a(OCoLC)ocm05540311 aPRWcPRWdOCLdEL$dOCLdOCLCQdDIBAM a8429709428 a9788429709421 a(OCoLC)55403111 aspaheng00a814.521 aGoodman, Paul,d1911-1972.10aEnsayos utópicos y propuestas prácticas /cPaul Goodman. a1. ed. aBarcelona :bEdiciones Península,c1973. a313 p. :bill. ;c20 cm.1 aHistoria, ciencia, sociedad ;v103 aTranslation of Utopian essays and practical proposals. 0aUtopias. 4aSociología. 7aENSAYOS ESTADOUNIDENSES.2renib 0aHistoria, ciencia y sociedad ;v103.